| 000 | 00000nam 2200000zi 4500 |
| 001 | 9.943473 |
| 003 | CaOODSP |
| 005 | 20241114082808 |
| 006 | m o d f |
| 007 | cr cn||||||||| |
| 008 | 240920t20242024oncad ob f000 0 eng d |
| 020 | |a9780660737539 |
| 040 | |aCaOODSP|beng|erda|cCaOODSP |
| 043 | |an-cn--- |
| 086 | 1 |aFA1-26/2024-1-7E-PDF |
| 110 | 1 |aCanada. |bCommissioner of the Environment and Sustainable Development, |eauthor, |eissuing body. |
| 245 | 10|aCanadian Net-Zero Emissions Accountability Act - 2024 report : |bindependent auditor's report. |
| 264 | 1|a[Ottawa] : |bOffice of the Auditor General of Canada = Bureau du vérificateur général du Canada, |c2024. |
| 264 | 4|c©2024 |
| 300 | |a1 online resource (vi, 41 pages) : |billustrations, graphs. |
| 336 | |atext|btxt|2rdacontent |
| 337 | |acomputer|bc|2rdamedia |
| 338 | |aonline resource|bcr|2rdacarrier |
| 490 | 1 |aReports of the Commissioner of the Environment and Sustainable Development to the Parliament of Canada, |x2561-1801 ; |vreport 7 |
| 500 | |aCover title. |
| 500 | |aIssued also in French under title: Loi canadienne sur la responsabilité en matière de carboneutralité - rapport 2024 : rapport de l'auditeur indépendant. |
| 504 | |aIncludes bibliographical references. |
| 520 | |a"The Government of Canada has committed to reducing greenhouse gas emissions by 40% to 45% below 2005 levels by 2030 and to reach net-zero emissions by 2050. In 2022, Canada’s total greenhouse gas emissions were 708 megatonnes of carbon dioxide equivalent (Mt CO2 eq), not including the land use, land-use change, and forestry accounting contributions. This represented a decrease of 7.1% (54 Mt CO2 eq) from 2005 but an increase of 16% from 1990 (Exhibit 7.1). To meet the 2030 target, the greatest share of emissions reductions will need to occur in the next 6 years. Canada remains the worst performer among all member countries of the Group of Seven since 1990 and 2005 (Exhibit 7.2)"--Introduction, page 1. |
| 650 | 0|aGreenhouse gas mitigation|xGovernment policy|zCanada|xAuditing. |
| 650 | 0|aClimatic changes|xGovernment policy|zCanada. |
| 775 | 08|tLoi canadienne sur la responsabilité en matière de carboneutralité - rapport 2024 : |w(CaOODSP)9.943474 |
| 830 | #0|aReports of the Commissioner of the Environment and Sustainable Development to the Parliament of Canada,|x2561-1801 ; |vreport 7.|w(CaOODSP)9.842750 |
| 856 | 40|qPDF|s1.54 MB|uhttps://publications.gc.ca/collections/collection_2024/bvg-oag/FA1-26-2024-1-7-eng.pdf |
| 856 | 4 |qHTML|sN/A|uhttps://www.oag-bvg.gc.ca/internet/English/parl_cesd_202411_07_e_44576.html |